| 000 | 00771cam a22002653 4500 | ||
|---|---|---|---|
| 001 | 75549 | ||
| 005 | 20230410130935.0 | ||
| 008 | 080717s2008 mx 000 0 spa d | ||
| 035 | _a(OCoLC)ocn234429404 | ||
| 040 |
_aBTCTA _cBTCTA _dBAKER |
||
| 020 | _a9789707705746 | ||
| 020 | _a9707705744 | ||
| 035 | _a(OCoLC)234429404 | ||
| 049 | _aGRAL | ||
| 050 | 1 | 4 |
_aPQ 8498.32 _bV297o 2008 |
| 100 | 1 |
_aVargas Llosa, Mario, _d1936- |
|
| 245 | 1 | 0 |
_aObra Reunida : _bnarrativa breve / _cMario Vargas Llosa. |
| 260 |
_aMéxico : _bAlfaguara, _c2008. |
||
| 300 |
_a733 p. _ccm. |
||
| 938 |
_aBaker and Taylor _bBTCP _nBK0007869042 |
||
| 938 |
_aBaker & Taylor _bBKTY _c24.95 _d18.71 _i9707705744 _n0007869042 _sactive |
||
| 942 |
_2lcc _cbk |
||
| 994 |
_aC0 _bDRFGD |
||
| 946 | _aRCH | ||
| 999 |
_c83148 _d83148 |
||